Responses for Show #7189 - Thursday, December 10, 2015

Contestants

[<< previous game]

Shannon Lee, an architectural design associate from Phoenixville, Pennsylvania

Donnie Edgemon, a management consultant from Sterling Park, Virginia

Alex Maggio, a writer originally from Cincinnati, Ohio (whose 2-day cash winnings total $40,301)

[next game >>]

Jeopardy! Round responses

LATIN AMERICAN HODGEPODGE
BESTSELLERS
PIPES & PIPERS
MOVIE LIFE HACKS
CRAIGS LIST
CLASSIFIED "AD"s
    $200 1
Uruguay

Alex
    $200 4
The Shining

Shannon
    $200 26
a pan flute (or pan pipe)

Alex
    $200 16
Rocky

Shannon
    $200 15
1980

Donnie
    $200 9
adequate

Donnie
    $400 2
Ireland

Alex
    $800 5
Think Like a Man

Shannon
    $400 27
(Alex Maggio: What is Hamburg?)

Hamelin

Alex
Triple Stumper
    $400 17
Still Alice

Alex
    $400 18
a clan

Shannon
    $400 10
an adder

Shannon
    $600 3
Juan Valdez

Shannon
    $600 6
Ian Fleming

Alex
    $600 28
(Shannon: What is Oh [*]?)

"Danny Boy"

Shannon
    $600 19
corn on the cob

Alex
    $600 20
Craig T. Nelson

Donnie
    $600 13
an adage

Shannon
    $800 7
Venezuela

Alex
    $800 11
(Shannon: What is Alcatraz?)
...
(Alex Trebek: He wrote about the Civil War, and the prison was [*].)

Andersonville

Shannon
Triple Stumper
    $800 29
(Alex Maggio: Who is Whitman?)

William Blake

Alex
Triple Stumper
    $800 21
Memento

Alex
    $800 22
(Shannon: What is whiskey?)
(Alex Trebek: Be more specific.)

bourbon

Shannon
    $800 14
adenoid

Donnie
    $1000 8
(Alex Maggio: What is a seaport or [*]?)

a coastline

Alex
    $1000 12
the train

Alex
    $1000 30
(Alex Trebek: Ceci n'est pas une pipe. It's not a pipe, but it is.)

(René) Magritte

Shannon
    $1000 23
Jimmy Stewart

Shannon
    $1000 24
(Alex Trebek: With less than a minute to go now.)

Craig Newmark

Triple Stumper
    $1000 25
(Alex Maggio: [Blows air, shakes head])
(Alex Trebek: Oh, it's not coming to you.)

adipose

AlexShannon

Scores at the first commercial break (after clue 15):

Alex Donnie Shannon
$4,000 $1,200 $1,800

Scores at the end of the Jeopardy! Round:

Alex Donnie Shannon
$3,800 $1,800 $6,800

Double Jeopardy! Round responses

TERM OF ART
AMERICAN HISTORY
RELIGIOUS BELIEF
ENDS IN DOUBLE LETTERS
FRENCH-SPEAKING COUNTRIES
HAPPY BIRTHDAY, FRANK SINATRA
(Alex Trebek: And in honor of his 100th birthday this weekend, [*], my favorite singer of all time.)
    $400 12
silkscreen

Shannon
    $400 16
(Paul) Revere

Donnie
    $400 19
the Seventh-day Adventists

Alex
    $400 10
the inn

Donnie
    $400 7
Haiti

Alex
    $400 25
"New York, New York"

Alex
    $800 13
a frieze

Alex
    $800 17
poverty

Donnie
    $800 20
Jehovah's Witnesses

Alex
    $800 9
(Alex Maggio: [No response])
(Alex Trebek: Oh, you rang in before you could come up with a response.)

a tress

AlexShannon
    $800 8
Canada

Shannon
    $800 26
(Alex Trebek: With less than a minute, you are correct.)

Reagan

Shannon
    $1200 22
(Shannon: What is calligraphy?)

lithography

AlexShannon
    $3,400 5
(J.P.) Morgan

Donnie
    $1200 18
The Book of Mormon

Alex
    $1200 1
swill

Triple Stumper
    $1200 6
the Democratic Republic of the Congo

Alex
    $1200 27
Ava Gardner

Triple Stumper
    $1600 23
the vanishing point

Alex
    $1600 4
the Four Freedoms

Donnie
    $1600 21
the Society of Friends

Donnie
    $1600 2
a watt

Alex
    $5,000 14
Switzerland

Alex
    $1600 29
(Alex Maggio: Who is Cole Porter?)

Nelson Riddle

Alex
Triple Stumper
    $2000 24
en plein air

Alex
    $2000 3
the Treaty of Ghent

Alex
    $2000 30
Shintoism

Alex
    $2000 11
(Alex Maggio: Oof.)
(Alex Trebek: Oh. You're fast on the button but the brain's not catching up.)

a didgeridoo

AlexShannon
    $2000 15
Côte d'Ivoire (Ivory Coast)

Alex
    $2000 28
the Hoboken Four

Triple Stumper

Scores at the end of the Double Jeopardy! Round:

Alex Donnie Shannon
$22,000 $10,000 $10,400
(lock game)

[wagering suggestions for these scores]

Final Jeopardy! Round responses

LITERARY BRITAIN
DonnieWho is Agatha Christie?
$10,000
ShannonWho is Agatha Christie?
$10,399
AlexWho is Beatrix Potter?
$1,100
Beatrix Potter

Final scores:

Alex Donnie Shannon
$23,100 $0 $1
3-day champion: $63,401 3rd place: $1,000 2nd place: $2,000

Game dynamics:

Coryat scores:

Alex Donnie Shannon
$18,600 $7,800 $10,000
25 R
(including 1 DD),
6 W
10 R
(including 1 DD),
0 W
17 R
(including 1 DD),
2 W

Combined Coryat: $36,400

[game clues] [game scores] [suggest correction]

Game tape date: 2015-10-20
The J! Archive is created by fans, for fans. Scraping, republication, monetization, and malicious use prohibited; this site may use cookies and collect identifying information. See terms. The Jeopardy! game show and all elements thereof, including but not limited to copyright and trademark thereto, are the property of Jeopardy Productions, Inc. and are protected under law. This website is not affiliated with, sponsored by, or operated by Jeopardy Productions, Inc. Join the discussion at JBoard.tv.